000
00293nam a22001337a 4500
008
170420b xxu||||| |||| 00| 0 eng d
020
_a
9780321598202
041
_a
eng
080
_2
4th
_a
573
100
_a
11
101
_a
shm
245
_a
BIOLOGICAL SCIENCE
_c
FREEMAN, S
942
_2
udc
_c
BK
999
_c
11332
_d
11332